UM Logo

A dynamic ZVS-guaranteed and seamless-mode-transition modulation scheme for the DAB converter that maximizes the ZVS range and lowers the inductor RMS current / (Record no. 20129)

MARC details
000 -LEADER
fixed length control field 01301nam a22002897a 4500
003 - CONTROL NUMBER IDENTIFIER
control field OSt
005 - DATE AND TIME OF LATEST TRANSACTION
control field 20250904150251.0
008 - FIXED-LENGTH DATA ELEMENTS--GENERAL INFORMATION
fixed length control field 240423b ||||| |||| 00| 0 eng d
040 ## - CATALOGING SOURCE
Transcribing agency 0
082 ## - DEWEY DECIMAL CLASSIFICATION NUMBER
Classification number DPer 621.317 Ie21 November 2022 v. 37 n. 11
100 ## - MAIN ENTRY--PERSONAL NAME
Personal name Gong, Linxiao.
Relator term author.
9 (RLIN) 56527
245 ## - TITLE STATEMENT
Title A dynamic ZVS-guaranteed and seamless-mode-transition modulation scheme for the DAB converter that maximizes the ZVS range and lowers the inductor RMS current /
Statement of responsibility, etc. Linxiao Gong, Xinyu Jin, Junzhong Xu, Zifeng Deng, Houji Li, Thiago Batista Soeiro, and Yong Wang.
260 ## - PUBLICATION, DISTRIBUTION, ETC. (IMPRINT)
Place of publication, distribution, etc. New York ;
Name of publisher, distributor, etc. The Institute of Electrical and Electronics Engineers, Inc. ,
Date of publication, distribution, etc. November 2022.
300 ## - PHYSICAL DESCRIPTION
Extent Volume 37, pages 13119-13134 :
Other physical details illustration ;
Dimensions 28 cm.
500 ## - GENERAL NOTE
General note IEEE Transactions on Power Electronics , vol. 37, no. 11, pages 13119-13134, November 2022.
650 #0 - SUBJECT ADDED ENTRY--TOPICAL TERM
Topical term or geographic name as entry element Control systems.
9 (RLIN) 66031
650 #0 - SUBJECT ADDED ENTRY--TOPICAL TERM
Topical term or geographic name as entry element Switches.
9 (RLIN) 65863
650 #0 - SUBJECT ADDED ENTRY--TOPICAL TERM
Topical term or geographic name as entry element ZVS range.
9 (RLIN) 67161
700 ## - ADDED ENTRY--PERSONAL NAME
Personal name Gong, Linxiao.
Relator term author.
9 (RLIN) 56527
700 ## - ADDED ENTRY--PERSONAL NAME
Personal name Jin, Xinyu.
Relator term author.
9 (RLIN) 56528
700 ## - ADDED ENTRY--PERSONAL NAME
Personal name Xu, Junzhong.
Relator term author.
9 (RLIN) 56529
700 ## - ADDED ENTRY--PERSONAL NAME
Personal name Deng, Zifeng.
Relator term author.
9 (RLIN) 56530
700 ## - ADDED ENTRY--PERSONAL NAME
Personal name Li, Houji.
Relator term author.
9 (RLIN) 56531
700 ## - ADDED ENTRY--PERSONAL NAME
Personal name Soeiro, Thiago Batista.
Relator term author.
9 (RLIN) 56532
700 ## - ADDED ENTRY--PERSONAL NAME
Personal name Wang, Yong.
Relator term author.
9 (RLIN) 56533
942 ## - ADDED ENTRY ELEMENTS (KOHA)
Source of classification or shelving scheme Dewey Decimal Classification
Koha item type Periodicals
Holdings
Withdrawn status Lost status Source of classification or shelving scheme Damaged status Not for loan Collection code Home library Current library Date acquired Total Checkouts Full call number Date last seen Price effective from Koha item type Public note
    Dewey Decimal Classification     Periodicals UM Digos College - LIC UM Digos College - LIC 04/23/2024   DPer 621.317 Ie21 November 2022 v. 37 n. 11 04/23/2024 04/23/2024 Periodicals Periodical Article